MARC

LEADER 00000nam0a2200000 4500
001 300816
005 20231102001335.0
020 |a RU  |b 82-76534 
035 |a (RuTPU)RU\TPU\book\325969 
090 |a 300816 
100 |a 20150716d1982 k y0rusy5003 ca 
101 1 |a rus  |c eng 
102 |a RU 
105 |a y z 001zy 
200 1 |a Физические свойства соединений на основе редкоземельных элементов  |e сборник статей  |e пер. с англ.  |f под ред. И. А. Смирнова 
210 |a Москва  |c Мир  |d 1982 
215 |a 208 с.  |c граф. 
320 |a Библиогр. в конце гл. 
606 1 |a Редкоземельные элементы, соединения  |x Химия  |2 stltpush  |3 (RuTPU)RU\TPU\subj\75163  |9 87034 
606 1 |a Редкоземельные элементы, соединения  |2 stltpush  |3 (RuTPU)RU\TPU\subj\24318 
610 1 |a физические свойства 
610 1 |a эффект Мессбауэра 
610 1 |a ЯМР 
610 1 |a ЭПР 
610 1 |a электронный резонанс 
610 1 |a эффект Кондо 
610 1 |a практическое применение 
675 |a 546.65  |v 3 
702 1 |a Смирнов  |b И. А.  |g Игорь Александрович  |4 340 
801 0 |a RU  |b RuMRKP  |c 19950704  |g psbo 
801 1 |a RU  |b 63413507  |c 20150716 
801 2 |a RU  |b 63413507  |c 20160705  |g RCR 
942 |c BK